000 00607nam a2200217 4500
003 OSt
005 20240723021521.0
006 a
008 240723b |||||||| |||| 00| 0 eng d
020 _a9780071474702
040 _aDWCL-Main lib.
_cOC
082 _aCirc. 658.45 Z49s 2007
100 _aZelazny, Gene
245 _aThe say it with charts : complete toolkit /
260 _aN.Y. :
_bMcGraw-Hill,
_cc2007.
300 _aix,
_b298p. : ill. ;
_c24 cm.
504 _aIncludes index.
650 _a1. visual communication.
650 _a2. Business presentation.
942 _2ddc
_n0
_cBK-CIRC
_kCirc.
999 _c2572
_d2572